00335nam a2200109Ia 4500008004100000245009000041260004900131260000900180300001000189500001000199650001600209170224s9999 xx 000 0 und d aHow decisions happen: Focal points and blind spots in interdependent decision making. bJournal of Personality and Social Psychology c2014 a106:3 aMarch xPsychology.